000 00459nam a22001697a 4500
005 20210929115845.0
008 170207b xxu||||| |||| 00| 0 eng d
020 _a9780070616806
040 _c.
082 _a620.1 TIM
100 _aS Timoshenko, D H Young & J V Rao
_927136
245 _aEngineering Mechanics /
_cS Timoshenko,
250 _a4th ed.
260 _aNew Delhi,
_bTata McGraw Hill,
_c2010.
300 _a722 p. ;
_c23 cm.
942 _2ddc
_cBK
999 _c174678
_d174678